Hướng dẫn tính toán kết cấu theo chuyên đề SAP 2000

保存先:
書誌詳細
第一著者: Hồ Đình Thái Hòa
フォーマット: 図書
言語:Undetermined
出版事項: Hà Nội Thống kê 2003
主題:
タグ: タグ追加
タグなし, このレコードへの初めてのタグを付けませんか!
Thư viện lưu trữ: Trung tâm Học liệu Trường Đại học Cần Thơ
LEADER 00617nam a2200181Ia 4500
001 CTU_61926
008 210402s9999 xx 000 0 und d
020 |b 300000 
082 |a 620.0285,H401 
100 |a Hồ Đình Thái Hòa 
245 0 |a Hướng dẫn tính toán kết cấu theo chuyên đề SAP 2000 
245 0 |c Hồ Đình Thái Hoà 
260 |a Hà Nội 
260 |b Thống kê 
260 |c 2003 
650 |a civil engineering-data processing,sap ( computer program language ) 
904 |a Hạ Nguyên 
980 |a Trung tâm Học liệu Trường Đại học Cần Thơ